000 00877nas a2200277 4500
001 BR0501798
003 BR-BrBNA
005 20231205105222.0
007 ta
008 230509b bl.|||p| |||| 00| 00por d
040 _aBR-BrBNA
_bpor
_cBiblioteca Nacional de Agricultura
041 _a(Pt)
072 _aQ03; Q04
100 1 _aGarda, J.
100 1 _aMacedo, R.M.
100 1 _aFurlong, E.B.
245 1 _aDeterminação de tricotecenos em cerveja e avaliação de incidência no produto comercializado no Rio Grande do Sul
650 _aCERVEJA
650 _aBEBIDA ALCOÓLICA
650 _aTOXINA
650 _aCROMATOGRAFIA GASOSA
650 _aRIO GRANDE DO SUL
773 0 _tCiência e Tecnologia de Alimentos (Brazil)
_xISSN 0101-2061
_g(Oct-Dec 2004), v. 24(4) p. 657-663
_wBR0501798
909 _a202311
_bLúcia
_c55
_dLúcia Elande
942 _2AGRIS
_n0
_cANA
999 _c181824
_d181824